[Event "EU-ch blitz"]
[Site "Warsaw"]
[Date "2012.12.14"]
[Round "11"]
[White "Bukavshin, Ivan"]
[Black "Gajewski, Grzegorz"]
[Result "1-0"]
[WhiteElo "2510"]
[BlackElo "2644"]
[PlyCount "53"]
[EventDate "2012.12.14"]
[EventType "swiss (blitz)"]
[EventRounds "11"]
[EventCountry "POL"]
[SourceTitle "EXT 2014"]
[Source "ChessBase"]
[SourceDate "2013.11.20"]
[SourceVersion "1"]
[SourceVersionDate "2013.11.20"]
[SourceQuality "1"]

1. c4 e6 2. g3 Nf6 3. Bg2 d5 4. Nf3 d4 5. O-O c5 6. d3 Nc6 7. e3 Be7 8. exd4 cxd4 9. a3 a5 10. Re1 O-O 11. Nbd2 Nd7 12. Rb1 Nc5 $146 ({RR} 12... Re8 13. b3 Ra6 14. Qc2 Rb6 15. Ne4 f5 16. Neg5 Nc5 17. h4 h6 18. Nh3 Kh7 19. Bd2 Na6 20. Ne5 Bxa3 21. Nxc6 Rxc6 22. Bxc6 bxc6 23. Re5 Bd6 24. Bxa5 Qf6 25. Re2 e5 26. Rbe1 Rf8 27. f4 {Sepp,O (2411)-Kovalenko,I (2653) Tallinn 2015 0-1 (46)}) 13. Ne4 Na6 14. Qc2 e5 15. c5 Be6 16. Bd2 a4 17. Qd1 Bxc5 18. Nfg5 Bb3 19. Qh5 h6 20. Nf3 f5 21. Nxc5 Nxc5 22. Nxe5 Nxe5 23. Rxe5 Nxd3 24. Rxf5 Rxf5 25. Qxf5 Bc2 26. Bd5+ Kh8 27. Be4 1-0

[Event "EU-ch blitz"]
[Site "Warsaw"]
[Date "2012.12.14"]
[Round "11"]
[White "Dziuba, Marcin"]
[Black "Petrosian, Tigran L"]
[Result "1-0"]
[WhiteElo "2602"]
[BlackElo "2648"]
[PlyCount "105"]
[EventDate "2012.12.14"]
[EventType "swiss (blitz)"]
[EventRounds "11"]
[EventCountry "POL"]
[SourceTitle "EXT 2014"]
[Source "ChessBase"]
[SourceDate "2013.11.20"]
[SourceVersion "1"]
[SourceVersionDate "2013.11.20"]
[SourceQuality "1"]

1. Nf3 Nf6 2. g3 d5 3. Bg2 c6 4. O-O Bg4 5. d3 Nbd7 6. Nbd2 e5 7. h3 Bh5 8. Qe1 ({RR} 8. g4 Bg6 9. Nh4 Bd6 10. e3 Nf8 11. f4 N6d7 12. Qe1 f6 13. e4 d4 14. Nc4 Bc7 15. Nf5 Bxf5 16. exf5 Qe7 17. a4 exf4 18. Bxf4 Bxf4 19. Rxf4 Ne5 20. Rxd4 Nfd7 21. Nd6+ Kf8 22. a5 h5 {Caruana,F (2791)-Movsesian,S (2672) Dubai 2014 1-0 (37)}) 8... Qc7 9. e4 dxe4 10. dxe4 a5 $146 ({RR} 10... Bc5 11. a4 O-O 12. Nc4 Rfe8 13. Nh4 Nf8 14. b4 Be7 15. Bb2 N6d7 16. Nf5 Ne6 17. Qc3 Bf6 18. Bf3 Bg6 19. Ncd6 Red8 20. Rad1 Nd4 21. Nc4 Bxf5 22. exf5 e4 23. Rxd4 exf3 24. Qxf3 Bxd4 25. Bxd4 {Yang,K (2096)-Remizov,Y (2446) chess.com INT 2024 ½-½ (44)}) ({RR} 10... Bc5 11. a4 O-O 12. Nc4 Rfe8 13. Nh4 Nf8 14. b4 Be7 15. Bb2 N6d7 16. Nf5 Ne6 17. Qc3 Bf6 18. Bf3 Bg6 19. Ncd6 Red8 20. Rad1 Nd4 21. Nc4 Bxf5 22. exf5 e4 23. Rxd4 exf3 24. Qxf3 Bxd4 25. Bxd4 {Yang,K (2096)-Remizov,Y (2446) chess.com INT 2024 ½-½ (44)}) 11. a4 Bb4 12. Qe2 O-O 13. c3 Bc5 14. Nc4 Rfe8 15. Qc2 Nb6 16. Ne3 Rad8 17. Nh4 Nbd7 18. Re1 Ba7 19. Nc4 b5 20. axb5 cxb5 21. Nxa5 Nc5 22. Bf1 Bb6 23. Bxb5 Ncxe4 24. Be3 Bxe3 25. Rxe3 Rd2 26. Qa4 Red8 27. Nc6 Rd1+ 28. Rxd1 Rxd1+ 29. Kg2 g5 30. Nf5 Rd2 31. Qa8+ Rd8 32. Qxd8+ Qxd8 33. Nxd8 Nc5 34. Rxe5 Nb3 35. Bc4 Nd2 36. Bxf7+ Bxf7 37. Nh6+ Kg7 38. Nhxf7 Nc4 39. Rxg5+ Kf8 40. Rf5 Ke7 41. Rxf6 Kxf6 42. b4 h5 43. f4 Nd2 44. g4 h4 45. b5 Nc4 46. Kf3 Ke7 47. g5 Nb6 48. g6 Kf6 49. f5 Nd5 50. c4 Ne7 51. b6 Nxf5 52. b7 Nd4+ 53. Ke4 1-0

[Event "CZE-ch blitz KO"]
[Site "Prague"]
[Date "2012.12.15"]
[Round "1.1"]
[White "Laznicka, Viktor"]
[Black "Polak, Tomas"]
[Result "1-0"]
[WhiteElo "2674"]
[BlackElo "2520"]
[PlyCount "77"]
[EventDate "2012.12.15"]
[EventType "k.o. (blitz)"]
[EventRounds "2"]
[EventCountry "CZE"]
[SourceTitle "CBM 152 Extra"]
[Source "ChessBase"]
[SourceDate "2013.02.25"]
[SourceVersion "1"]
[SourceVersionDate "2013.02.25"]
[SourceQuality "1"]

1. Nf3 Nf6 2. g3 d5 3. Bg2 c6 4. O-O Bg4 5. d3 Nbd7 6. Nbd2 e6 7. e4 Bc5 8. h3 Bh5 ({RR} 8... Bxf3 9. Qxf3 O-O 10. g4 dxe4 11. dxe4 e5 12. g5 Ne8 13. Qg3 Nc7 14. Nf3 Qe7 15. h4 Nb5 16. c3 Nd6 17. Re1 a5 18. h5 a4 19. a3 Rae8 20. Nh4 g6 21. Kh1 b5 22. f4 exf4 23. Bxf4 {Maltsevskaya,A (2368)-Przybylski,W (2335) chess.com INT 2025 0-1 (43)}) 9. Qe2 O-O 10. e5 Ne8 11. d4 $146 ({RR} 11. g4 Bg6 12. Re1 Nc7 13. Nf1 f5 14. g5 f4 15. h4 Bh5 16. N1h2 a5 17. Bh3 a4 18. a3 b5 19. Bd2 Qe7 20. c3 Bb6 21. Bg4 Bxg4 22. Nxg4 c5 23. d4 Qf7 24. Kh1 Qh5 25. Rg1 Kh8 {Campbell,E (2085)-Giulian,P (2275) Glasgow 1995 ½-½ (71)}) ({RR} 11. Nb3 Bb6 12. g4 Bg6 13. Bg5 f6 14. exf6 gxf6 15. Bh6 e5 16. Bxf8 Nxf8 17. d4 e4 18. Nfd2 Ne6 19. Qe3 Qd6 20. Rfd1 N8g7 21. f3 f5 22. fxe4 dxe4 23. c3 Bc7 24. gxf5 Qh2+ 25. Kf2 Nf4 {Tattersall Rodriguez,L (2370)-Segura Ariza,J (2208) Menorca 2002 0-1 (33)}) 11... Be7 12. Rd1 Nc7 13. Nf1 Bg6 14. g4 c5 15. c3 cxd4 16. Nxd4 Re8 17. f4 h6 18. Be3 Bf8 19. Ng3 Qe7 20. Bf2 a6 21. Rd2 Rad8 22. Re1 Kh8 23. Bf3 Bh7 24. Kg2 Nb8 25. h4 Nc6 26. g5 Nxd4 27. cxd4 Qd7 28. a3 Be7 29. Be3 Qb5 30. Qd1 Na8 31. f5 exf5 32. gxh6 gxh6 33. Bxh6 Rg8 34. Rh1 Nb6 35. Bg5 Qd7 36. Kf2 Qe6 37. Nh5 Nd7 38. Nf4 Qb6 39. Bxe7 1-0

[Event "Beijing Sportaccord blitz"]
[Site "Beijing"]
[Date "2012.12.16"]
[Round "4"]
[White "Ivanchuk, Vassily"]
[Black "Wang, Hao"]
[Result "1-0"]
[WhiteElo "2766"]
[BlackElo "2737"]
[PlyCount "49"]
[EventDate "2012.12.16"]
[EventType "tourn (blitz)"]
[EventRounds "15"]
[EventCountry "CHN"]
[EventCategory "20"]
[SourceTitle "EXT 2014"]
[Source "ChessBase"]
[SourceDate "2013.11.20"]
[SourceVersion "1"]
[SourceVersionDate "2013.11.20"]
[SourceQuality "1"]

1. Nf3 d5 2. c4 d4 3. b4 f6 4. d3 e5 5. Ba3 ({RR} 5. a3 a5 6. b5 Ne7 7. e3 dxe3 8. fxe3 Nf5 9. g4 Nd6 10. Rg1 Be6 11. Qc2 Nd7 12. d4 e4 13. Nh4 f5 14. Ng2 fxg4 15. c5 Nf7 16. Nd2 Be7 17. Nxe4 a4 18. Bb2 Bb3 19. Qe2 h5 {Ding,L (2777)-Giri,A (2772) Wenzhou 2017 ½-½ (33)}) ({RR} 5. a3 c5 6. g3 Nc6 7. Bg2 Bd6 8. O-O Nge7 9. Nbd2 O-O 10. Nb3 cxb4 11. axb4 Bxb4 12. e3 dxe3 13. Bxe3 Nf5 14. Bc5 Bxc5 15. Nxc5 Qe7 16. Na4 Be6 17. Nc3 Nb4 18. Qe2 Rfd8 19. Rfd1 Qd7 {Koller,H (2154)-Brychcy,F (2106) Bayern 2020 0-1 (41)}) ({RR} 5. a3 Ne7 6. g3 a5 7. Bb2 Ng6 8. b5 Nd7 9. Bg2 a4 10. O-O Nc5 11. Nbd2 Be7 12. Ne1 f5 13. Nc2 O-O 14. Nb4 Be6 15. Qc2 Qd7 16. Rad1 Rad8 17. Nd5 Kh8 18. Rfe1 f4 19. Ne4 Nb3 {Iturrizaga Bonelli,E (2653)-Wang,H (2729) Dubai 2014 1-0 (51)}) 5... Be6 $146 ({RR} 5... a5 6. b5 Bxa3 7. Nxa3 Ne7 8. g3 c5 9. bxc6 Nbxc6 10. Bg2 O-O 11. O-O Be6 12. Rb1 Qd7 13. Nd2 Nb4 14. Nc2 Nec6 15. a3 Na6 16. Rb5 Qc7 17. Qb1 Rab8 18. Qb2 Nd8 19. e3 Bf5 20. Ne4 {Rusev,K (2532)-Lampert,J (2284) Hofheim 2013 1-0 (56)}) ({RR} 5... Na6 6. b5 Nc5 7. g3 Be6 8. Bg2 Qd7 9. O-O Bh3 10. Bxh3 Qxh3 11. Nbd2 Nh6 12. Qc2 Ng4 13. Rae1 h5 14. e4 h4 15. Nb1 O-O-O 16. Bc1 g5 17. Re2 Ne6 18. Nbd2 Bb4 19. Qa4 Nf4 20. gxf4 {Szotkowski,J (2262)-Berezjuk,S (2371) Tatranske Zruby 2014 0-1}) 6. g3 c6 7. Bg2 a5 8. b5 c5 9. O-O Bd6 10. e3 dxe3 11. fxe3 Ne7 12. Nc3 Nd7 13. Nd2 Qc8 14. Nde4 Bb8 15. Na4 b6 16. Nexc5 bxc5 17. Bxa8 O-O 18. Qd2 Bd6 19. Bg2 Qc7 20. Rab1 Nc8 21. b6 Ncxb6 22. Nxb6 Nxb6 23. Qxa5 Nd7 24. Qxc7 Bxc7 25. Rb7 1-0

[Event "Beijing Sportaccord blitz"]
[Site "Beijing"]
[Date "2012.12.16"]
[Round "5"]
[White "Grischuk, Alexander"]
[Black "Fressinet, Laurent"]
[Result "1-0"]
[WhiteElo "2764"]
[BlackElo "2700"]
[PlyCount "85"]
[EventDate "2012.12.16"]
[EventType "tourn (blitz)"]
[EventRounds "15"]
[EventCountry "CHN"]
[EventCategory "20"]
[SourceTitle "EXT 2014"]
[Source "ChessBase"]
[SourceDate "2013.11.20"]
[SourceVersion "1"]
[SourceVersionDate "2013.11.20"]
[SourceQuality "1"]

1. g3 e5 2. Bg2 Nf6 3. d3 d5 4. Nf3 Bd6 5. O-O O-O 6. Nbd2 c6 7. e4 Bg4 8. h3 Bh5 9. Qe1 Re8 10. Nh4 Na6 ({RR} 10... Bc7 11. Nb3 d4 12. a4 Nbd7 13. a5 a6 14. c3 c5 15. Bd2 Bd6 16. Nf5 Bf8 17. cxd4 exd4 18. f4 Bg6 19. Nh4 h6 20. Nxg6 fxg6 21. Rc1 Rc8 22. Rc4 b5 23. Rc1 Nb8 24. e5 Qc7 25. Qf2 {Cervelli,E (1948)-Pelizzari,L Basel SUI 2024 1-0 (35)}) 11. a3 Nc5 12. Nf5 ({RR} 12. b3 dxe4 13. dxe4 b5 14. Bb2 Ne6 15. Ndf3 Bxf3 16. Nxf3 Qc7 17. Qe2 a6 18. Rfd1 c5 19. c3 Qc6 20. Ne1 Bc7 21. Nc2 Ng5 22. h4 Ne6 23. Ne3 Nf8 24. c4 Rab8 25. Rac1 Ne6 26. Nd5 Nd4 {Nakamura,H (2729)-Navara,D (2731) Sestao 2010 1-0 (38)}) 12... Bf8 13. Kh1 $146 ({RR} 13. b3 Qd7 14. g4 Bg6 15. f3 dxe4 16. Nxe4 Nd5 17. Nfg3 Rad8 18. Kh2 Ne6 19. Bb2 Nd4 20. Qf2 Nf4 21. Rfe1 c5 22. Bf1 a5 23. a4 b6 24. Rac1 Be7 25. Nd2 Bh4 26. Nc4 Qc7 27. Bg2 Bxg3+ {Boguszlavszkij,J (2290)-Horvath,A (2464) Zalakaros 2002 0-1}) ({RR} 13. b4 Ncd7 14. Nb3 Qc7 15. Bg5 b6 16. Bd2 Rad8 17. g4 Bg6 18. Qe2 Bxf5 19. gxf5 dxe4 20. dxe4 c5 21. c3 c4 22. Nc1 b5 23. a4 a5 24. axb5 axb4 25. cxb4 c3 26. Be3 Bxb4 27. Ra7 Qb8 {Amarasinghe,A (1982)-Dickmadugodage,R (1874) Negambo 2017 ½-½ (61)}) 13... Bg6 14. Nh4 Qc7 15. Nxg6 hxg6 16. b3 Ne6 17. Nf3 dxe4 18. dxe4 Nd4 19. Nxd4 exd4 20. Qe2 Qd7 21. Bg5 Qe6 22. Rfe1 a5 23. Qd3 Bc5 24. Kh2 Nd7 25. f4 f6 26. Bh4 Be7 27. f5 Qd6 28. Qc4+ Kh8 29. fxg6 Ne5 30. Qe2 Kg8 31. Qh5 Bd8 32. Rf1 Qe6 33. Rf5 Kf8 34. Raf1 c5 35. Rxe5 Qxe5 36. Qh8+ Ke7 37. Qxg7+ Kd6 38. Bxf6 Bxf6 39. Rxf6+ Re6 40. Rxe6+ Qxe6 41. Qxb7 Rg8 42. g7 Qe7 43. Qd5+ 1-0

[Event "Beijing Sportaccord blitz"]
[Site "Beijing"]
[Date "2012.12.17"]
[Round "13"]
[White "Nakamura, Hikaru"]
[Black "Fressinet, Laurent"]
[Result "1-0"]
[WhiteElo "2760"]
[BlackElo "2700"]
[PlyCount "115"]
[EventDate "2012.12.16"]
[EventType "tourn (blitz)"]
[EventRounds "15"]
[EventCountry "CHN"]
[EventCategory "20"]
[SourceTitle "EXT 2014"]
[Source "ChessBase"]
[SourceDate "2013.11.20"]
[SourceVersion "1"]
[SourceVersionDate "2013.11.20"]
[SourceQuality "1"]

1. Nf3 d5 2. g3 c6 3. Bg2 Bg4 4. d3 Nd7 5. O-O e6 6. Nbd2 Bd6 7. e4 Ne7 8. h3 Bh5 9. d4 O-O 10. c3 ({RR} 10. Re1 b5 11. a4 b4 12. c4 bxc3 13. bxc3 Rb8 14. e5 Bc7 15. Ba3 c5 16. Nb3 c4 17. Nc5 Nxc5 18. Bxc5 Ba5 19. Qc1 Qd7 20. Nh4 Rfe8 21. f4 Rb3 22. Re3 Bg6 23. Nxg6 hxg6 24. g4 Reb8 {Mamedyarov,S (2770)-Carlsen,M (2847) chess24.com INT 2021 0-1 (53)}) ({RR} 10. e5 Bc7 11. b4 a5 12. c3 b6 13. Bb2 axb4 14. cxb4 c5 15. bxc5 bxc5 16. g4 Bg6 17. Re1 c4 18. Bc3 Ba5 19. Qc1 Nc6 20. a4 Bxc3 21. Qxc3 Qa5 22. Qa3 Nb4 23. Rec1 Nc2 24. Qd6 Nxa1 {Bashirli,S (1986)-Molina,R (2381) chess.com INT 2024 0-1}) 10... a5 11. a4 Qb6 $146 ({RR} 11... Rc8 12. Re1 Bb8 13. Qb3 Qb6 14. Qxb6 Nxb6 15. Nb3 Nc4 16. Nc5 dxe4 17. Rxe4 Nd6 18. Re5 Bxf3 19. Bxf3 Nd5 20. Re2 Rfe8 21. Bd2 Bc7 22. b3 b6 23. Nd3 Nf5 24. Be4 Nde7 25. Bg5 h6 26. Bd2 {Azaladze,S (2474)-Imnadze,N (2281) Batumi 2016 1-0 (74)}) 12. Re1 Rad8 13. Qc2 c5 14. exd5 exd5 15. Nb3 Nc6 16. Be3 c4 17. Nbd2 Qc7 18. b3 cxb3 19. Qxb3 Nf6 20. Bg5 Be7 21. Rab1 Rb8 22. Nh4 Qd7 23. Bxf6 Bxf6 24. Qxd5 Qxd5 25. Bxd5 Rfc8 26. Nf5 Bg6 27. Be4 Rc7 28. Nd6 Na7 29. Rb3 Be7 30. Nf5 Bf8 31. Ne3 b5 32. Bxg6 hxg6 33. Reb1 b4 34. c4 Nc6 35. Nf3 Rd8 36. Rd1 Re7 37. Rbd3 Re4 38. c5 Nb8 39. Ng5 Re7 40. d5 Re5 41. Nf3 Rxe3 42. fxe3 Bxc5 43. Ne5 Re8 44. Nc4 Nd7 45. Nxa5 Ra8 46. Nb3 Rxa4 47. Nxc5 Nxc5 48. Rd4 Kf8 49. Rc4 Nd7 50. d6 f6 51. Rc7 Ke8 52. Rd4 Ra1+ 53. Kf2 b3 54. Rb7 Ra2+ 55. Ke1 b2 56. Kd1 Ne5 57. Kc2 Nc6 58. Rh4 1-0

[Event "RUS GP rap final"]
[Site "Kirov"]
[Date "2012.12.23"]
[Round "1"]
[White "Maletin, Pavel"]
[Black "Yudin, Sergei"]
[Result "1-0"]
[WhiteElo "2567"]
[BlackElo "2546"]
[PlyCount "83"]
[EventDate "2012.12.23"]
[EventType "k.o."]
[EventRounds "4"]
[EventCountry "RUS"]
[SourceTitle "EXT 2014"]
[Source "ChessBase"]
[SourceDate "2013.11.20"]
[SourceVersion "1"]
[SourceVersionDate "2013.11.20"]
[SourceQuality "1"]

1. g3 e6 2. Bg2 d5 3. Nf3 Nf6 4. O-O b5 5. d3 Bb7 6. Nbd2 c5 ({RR} 6... Nbd7 7. c4 bxc4 8. dxc4 Bd6 9. cxd5 exd5 10. Nd4 O-O 11. N2f3 Re8 12. Nf5 Bf8 13. b4 c6 14. Rb1 a5 15. b5 c5 16. Bf4 Qb6 17. a4 d4 18. Nd2 Bxg2 19. Kxg2 Qe6 20. Qc2 Qxe2 21. Rfe1 {Svidler,P (2765)-Adly,A (2637) Riadh 2017 ½-½ (51)}) ({RR} 6... Nbd7 7. a4 b4 8. a5 Rb8 9. Re1 Nc5 10. c3 bxc3 11. bxc3 Be7 12. Ba3 O-O 13. c4 Na6 14. cxd5 Bxa3 15. Rxa3 exd5 16. d4 c5 17. dxc5 Nxc5 18. Qa1 Nce4 19. Rd1 Qe7 20. Nd4 g6 21. e3 {Visakh,N (2518)-Yudin,S (2508) Chennai 2020 ½-½ (56)}) 7. a4 ({RR} 7. Ne5 Nc6 8. Nxc6 Bxc6 9. c4 bxc4 10. dxc4 Be7 11. b3 O-O 12. Bb2 Rc8 13. e3 d4 14. exd4 cxd4 15. Bxc6 Rxc6 16. Nf3 Bc5 17. Ne5 Rd6 18. Nd3 Nd7 19. b4 e5 20. bxc5 Rh6 21. c6 Rxc6 {Zheenbekov,N (2091)-Santeramo,A (2162) chess.com INT 2024 1-0}) 7... b4 $146 ({RR} 7... a6 8. e4 Be7 9. Re1 Nc6 10. exd5 exd5 {½-½ (10) Kozul,Z (2587)-Mikhalchishin,A (2561) Maribor 2003}) 8. e4 Be7 9. Re1 Nc6 10. exd5 Nxd5 11. Nc4 O-O 12. a5 Rc8 13. h4 h6 14. Nfe5 Nxe5 15. Nxe5 Qc7 16. Qe2 Bf6 17. a6 Ba8 18. Ng4 Bd4 19. Kh2 Nf6 20. Nxf6+ Bxf6 21. Bxa8 Rxa8 22. Ra2 Qc6 23. Qe4 Rfc8 24. b3 Rab8 25. Qxc6 Rxc6 26. Re4 Rbb6 27. Be3 Be7 28. Rc4 Kf8 29. d4 cxd4 30. Bxd4 Rxc4 31. Bxb6 Rc8 32. Bxa7 Ke8 33. Be3 Kd7 34. a7 Ra8 35. h5 Kc6 36. Ra5 f6 37. g4 e5 38. Kg2 Kb7 39. Kf3 Bd8 40. Rb5+ Kc7 41. Rxb4 Be7 42. Ra4 1-0

[Event "Moscow Piterenka rapid"]
[Site "Moscow"]
[Date "2012.12.29"]
[Round "2"]
[White "Karjakin, Sergey"]
[Black "Jakovenko, Dmitrij"]
[Result "1-0"]
[WhiteElo "2775"]
[BlackElo "2741"]
[PlyCount "59"]
[EventDate "2012.12.29"]
[EventType "tourn (rapid)"]
[EventRounds "6"]
[EventCountry "RUS"]
[EventCategory "20"]
[SourceTitle "CBM 152 Extra"]
[Source "ChessBase"]
[SourceDate "2013.02.25"]
[SourceVersion "1"]
[SourceVersionDate "2013.02.25"]
[SourceQuality "1"]

1. Nf3 {Erenburg,Sergey} d5 2. g3 c6 3. Bg2 Bf5 4. O-O e6 5. d3 Nf6 6. Nh4 Bg6 ({RR} 6... Bg4 7. h3 Bh5 8. Nd2 Be7 9. Qe1 Nfd7 10. f4 Bxh4 11. gxh4 O-O 12. e4 Re8 13. Qg3 f5) 7. Nxg6 ({RR} 7. Nd2 Be7 8. Nxg6 ({RR} 8. e4 Bh5) 8... hxg6 9. e4 a5 10. c3 ({RR} 10. Qe2) 10... Nbd7 11. Qe2 dxe4 12. Nxe4 Nxe4 13. dxe4 Qc7 14. Rd1 O-O 15. Bf4 e5 16. Be3 a4 17. h4 Nf6 18. Bf3 Rfd8 19. Kg2 Rxd1 20. Rxd1 Rd8 21. Rxd8+ Bxd8) 7... hxg6 8. Nd2 ({RR} 8. e4 dxe4 9. dxe4 Qxd1 10. Rxd1 Nbd7 11. h3 Bc5 12. Nd2 O-O-O 13. Nb3 Bb6 14. Kf1 Nc5 15. Rxd8+ Rxd8 16. Nxc5 Bxc5 17. Ke2 e5 18. Bg5 Kc7) 8... Nbd7 9. e4 Qc7 ({RR} 9... dxe4 10. dxe4 ({RR} 10. Nxe4 Nxe4 11. Bxe4 Bd6 12. Bg2 f5 ({RR} 12... Nf6) 13. d4 Qf6 14. c4 g5 15. Re1 O-O-O 16. Bd2 g4 17. d5) 10... e5 11. Qe2 Bc5 12. Nf3 Qc7 13. h4 O-O 14. Bh3 Rfe8 15. Kg2 Nf8 16. Ng5 Rad8 17. a3 Qe7 ({RR} 17... N8h7 18. Bd2 Nxg5 19. Bxg5 Rd6) 18. Bd2 N8h7 19. Rae1 Nxg5 20. Bxg5 Qc7 ({RR} 20... Rd6 21. f4 exf4 22. e5 Qc7 23. b4 Bb6 24. Bxf4 Nh5 25. Kh1 Qb8 26. Qf3) 21. h5 gxh5 22. Bxf6 gxf6 23. Bf5 ({RR} 23. Qxh5 Kf8) 23... Kf8 24. Rh1 {Nakamura,H (2778)-Solak,D (2599) Istanbul 2012 CBM 151 [Erenburg,Sergey] 1-0 (31)}) 10. Qe2 Be7 11. f4 $146 ({RR} 11. Re1 Bc5 12. e5 Nxe5 13. Qxe5 Bxf2+ 14. Kf1 Qb6 15. Re2 Ng4 {0-1 (15) Goncalves,S (2219)-Suleymanli,S (2226) chess.com INT 2024}) ({RR} 11. a4 a5 12. b3 Bc5 13. Bb2 Qb6 14. Nf3 O-O 15. e5 Nh7 16. h4 Rfd8 17. Rab1 Be7 18. Ba1 Qc7 19. Nh2 Rac8 20. h5 gxh5 21. Qxh5 Ndf8 22. f4 g6 23. Qh3 d4 24. Ng4 c5 25. Kf2 f5 {Petrosian,T (2625)-Pham,L (2319) Berlin 2015 1-0 (47)}) 11... dxe4 12. dxe4 e5 13. Nc4 O-O-O 14. Be3 Nh5 15. a4 exf4 16. Rxf4 Ne5 17. Nxe5 Qxe5 18. Rxf7 Bc5 19. Bxc5 Qxc5+ 20. Qf2 Qxf2+ 21. Rxf2 Nf6 22. e5 Ng4 23. Re2 Nxh2 24. Be4 Rd4 25. c3 Rc4 26. b3 Rxc3 27. Rxh2 Rxg3+ 28. Kf2 Rxh2+ 29. Kxg3 Rb2 30. Rd1 1-0

[Event "Tata Steel-B 75th"]
[Site "Wijk aan Zee"]
[Date "2013.01.26"]
[Round "12"]
[White "Turov, Maxim"]
[Black "Dubov, Daniil"]
[Result "1-0"]
[WhiteElo "2630"]
[BlackElo "2600"]
[PlyCount "103"]
[EventDate "2013.01.12"]
[EventType "tourn"]
[EventRounds "13"]
[EventCountry "NED"]
[EventCategory "15"]
[SourceTitle "CBM 153"]
[Source "ChessBase"]
[SourceDate "2013.03.14"]
[SourceVersion "1"]
[SourceVersionDate "2013.03.14"]
[SourceQuality "1"]

1. Nf3 d5 2. g3 c6 3. Bg2 Nf6 4. O-O Bf5 5. d3 h6 6. c4 dxc4 7. Ne5 Nbd7 8. Nxc4 e5 9. Nbd2 Be7 ({RR} 9... Be6 10. b3 Qc7 11. Bb2 Be7 12. Nf3 Bxc4 13. dxc4 O-O 14. Qc2 Rfe8 15. Nh4 a5 16. Nf5 Bf8 17. Rad1 g6 18. Ne3 a4 19. Bc3 Bc5 20. Bh3 h5 21. Qc1 axb3 22. axb3 Ra2 23. b4 Be7 24. Qb1 {Dorfanis,I (2138)-Patrelakis,E (2425) Thessaloniki GRE 2024 0-1 (63)}) 10. b4 O-O 11. a3 Re8 $146 ({RR} 11... Qc7 12. Bb2 Rfe8 13. Rc1 a6 14. Rc2 Rac8 15. Qa1 Bf8 16. e4 Bg4 17. Re1 Qb8 18. d4 exd4 19. Bxd4 Be6 20. e5 Nd5 21. Ne4 Bf5 22. Rce2 Bxe4 23. Bxe4 Rcd8 24. Bf5 c5 25. Bxd7 Rxd7 26. bxc5 {Ganguly,S (2638)-Maghsoodloo,P (2679) Chess.com INT 2019 ½-½ (79)}) ({RR} 11... Qc7 12. Bb2 Rfe8 13. Rc1 a6 14. e4 Bg4 15. f3 Bh5 16. Kh1 Rad8 17. Nb3 Bf8 18. Qc2 Nb6 19. Ne3 Na4 20. Ba1 b5 21. Rfd1 Qa7 22. d4 Nd7 23. Qxc6 Ndb6 24. Qc2 Rc8 25. Qd3 exd4 26. Bxd4 {Das,A (2451)-Mannion,S (2285) Hastings 2017 1-0 (32)}) 12. Bb2 Bf8 13. e4 Bg4 14. f3 Bh5 15. Nb3 b5 16. Nca5 Qb6+ 17. d4 exd4 18. g4 Bg6 19. Bxd4 c5 20. Bf2 Qa6 21. bxc5 Nxc5 22. Nxc5 Qxa5 23. Qe1 Qc7 24. Na6 Qb7 25. Qa5 Rac8 26. Rfc1 Bd6 27. Rxc8 Rxc8 28. Rd1 Bf4 29. Rd8+ Rxd8 30. Qxd8+ Kh7 31. Nc5 Qc6 32. Qd4 Qc7 33. h4 h5 34. g5 Ne8 35. Bf1 Qb8 36. Nd7 Qd6 37. Qxd6 Bxd6 38. Bxb5 Bxa3 39. Bxa7 f6 40. Bc6 Bd6 41. Bd4 fxg5 42. hxg5 Nc7 43. Bc5 Bxc5+ 44. Nxc5 Be8 45. Bxe8 Nxe8 46. Kg2 Kg6 47. f4 Nd6 48. Kg3 Kf7 49. f5 Nc4 50. Kf4 Ke7 51. Nd3 Kd6 52. g6 1-0

[Event "Moscow Aeroflot rapid KO"]
[Site "Moscow"]
[Date "2013.02.15"]
[Round "1.2"]
[White "Kamsky, Gata"]
[Black "Lintchevski, Daniil"]
[Result "1-0"]
[WhiteElo "2740"]
[BlackElo "2528"]
[PlyCount "215"]
[EventDate "2013.02.15"]
[EventType "k.o. (rapid)"]
[EventRounds "2"]
[EventCountry "RUS"]
[SourceTitle "CBM 152 Extra"]
[Source "ChessBase"]
[SourceDate "2013.02.25"]
[SourceVersion "1"]
[SourceVersionDate "2013.02.25"]
[SourceQuality "1"]

1. Nf3 d5 2. g3 c6 3. Bg2 Bg4 4. O-O Nd7 5. d3 e5 6. Nbd2 Ngf6 7. h3 Bxf3 8. Nxf3 Bc5 ({RR} 8... Bd6 9. e4 O-O 10. Qe2 Re8 11. Bg5 Nc5 12. exd5 cxd5 13. Nd2 e4 14. dxe4 h6 15. Bxf6 Qxf6 16. c3 Qe6 17. Rad1 Bf8 18. c4 dxe4 19. b4 Na4 20. Nxe4 f5 21. Qc2 fxe4 22. Qxa4 Qxc4 23. a3 {Khismatullin,D (2650)-Svane,R (2509) Moscow 2015 1-0 (48)}) ({RR} 8... Bd6 9. Nh4 O-O 10. e4 g6 11. Bg5 Qb6 12. Bh6 Rfe8 13. Kh2 Rad8 14. Qf3 dxe4 15. dxe4 Be7 16. b3 Nc5 17. Rfe1 Qb4 18. Qe2 Ne6 19. Nf5 Bf8 20. Qe3 gxf5 21. exf5 Ng7 22. Rad1 Rxd1 23. Rxd1 {Maltsevskaya,A (2368)-Mathurin,N (2001) chess.com INT 2024 0-1 (36)}) 9. e3 ({RR} 9. Nxe5 Nxe5 10. d4 Bd6 11. dxe5 Bxe5 12. c4 O-O 13. cxd5 Nxd5 14. Qb3 Qb6 15. Qxb6 axb6 16. a3 Rfd8 17. Rb1 b5 18. Bxd5 Rxd5 19. Be3 f5 20. Rfc1 Kf7 21. Kg2 Ra4 22. Rc2 Rc4 23. Rbc1 Rxc2 {Giorgadze,G (2584)-Lintchevski,D (2527) Liepaja 2016 0-1 (55)}) 9... O-O 10. a3 $146 ({RR} 10. b3 Qe7 11. a3 e4 12. Nd4 exd3 13. Qxd3 Ne5 14. Qe2 a5 15. a4 g6 16. Bb2 Rfe8 17. Rab1 Rad8 18. Ba1 Ne4 19. c4 Nf6 20. Rfd1 dxc4 21. bxc4 Bb4 22. g4 h6 23. Nf3 Nfd7 24. Nxe5 Nxe5 {Malakhov,V (2703)-Faizrakhmanov,R (2422) Sochi 2016 ½-½ (42)}) ({RR} 10. b3 Re8 11. Bb2 a5 12. a3 Qc7 13. Qe2 Bd6 14. Nd2 Nc5 15. Rae1 Qe7 16. e4 dxe4 17. dxe4 b5 18. Rd1 Ncd7 19. a4 Ba3 20. Bxa3 Qxa3 21. axb5 cxb5 22. Qxb5 Qb2 23. Qd3 Nc5 24. Qe3 Qa3 {Shankland,S (2662)-Hambleton,A (2474) Sitges 2017 1-0 (40)}) 10... a5 11. b3 Qe7 12. Bb2 Rfe8 13. Qe2 Bb6 14. Rfd1 h6 15. Nd2 Bc7 16. c4 dxc4 17. Nxc4 Nc5 18. Qc2 a4 19. b4 Nb3 20. Rab1 Qe6 21. Nd2 Nxd2 22. Rxd2 Bd6 23. Rc1 Nd7 24. Qd1 Red8 25. d4 exd4 26. Bxd4 Be7 27. Qc2 Nf6 28. Rcd1 Nd5 29. Qb2 Nf6 30. e4 Rd7 31. e5 Ne8 32. Kh2 g6 33. h4 Ng7 34. Bh3 Nf5 35. h5 Rad8 36. hxg6 fxg6 37. Bc3 Kf7 38. Rxd7 Rxd7 39. Rxd7 Qxd7 40. Qc2 b5 41. Bb2 Bd8 42. Bg2 Ne7 43. Qc1 g5 44. Qc2 Kg8 45. Qc3 Qe6 46. Qd4 Bc7 47. Bh3 Qd5 48. Qa7 Qd8 49. Bd4 h5 50. Be6+ Kf8 51. Qc5 h4 52. gxh4 Qe8 53. hxg5 Qh5+ 54. Kg3 Qxg5+ 55. Bg4 Ke8 56. Kf3 Qg6 57. e6 Qd3+ 58. Kg2 Qe4+ 59. f3 Qe2+ 60. Bf2 Qe5 61. Qc2 Qh2+ 62. Kf1 Kd8 63. Qc5 Qe5 64. Qa7 Nd5 65. Bh4+ Ke8 66. Qa8+ Bb8 67. Qxc6+ Kf8 68. e7+ Nxe7 69. Qh6+ Ke8 70. Bf6 Qh2 71. Qxh2 Bxh2 72. Be6 Bf4 73. Bb2 Nc6 74. Ke2 Ne5 75. Bd4 Ke7 76. Bg8 Kd6 77. Be3 Ng6 78. Bf7 Bxe3 79. Kxe3 Ne5 80. Bg8 Nd7 81. Kd4 Ne5 82. f4 Nf3+ 83. Kd3 Ne1+ 84. Kc3 Ng2 85. f5 Ke5 86. Be6 Nf4 87. Bf7 Ne2+ 88. Kd3 Nf4+ 89. Kd2 Kxf5 90. Be8 Nd5 91. Bxb5 Nb6 92. Kd3 Ke5 93. Bc6 Kd6 94. Be8 Ke5 95. Bf7 Nc8 96. Be8 Nb6 97. Kc3 Kd5 98. Bh5 Ke4 99. Bf7 Ke5 100. Bg8 Ke4 101. Ba2 Ke5 102. Kd3 Nc8 103. Kc4 Nd6+ 104. Kc5 Ne4+ 105. Kc6 Kd4 106. b5 Nc5 107. b6 Na6 108. Be6 1-0